Povos primitivos (Record no. 16244)

MARC details
000 -Etiqueta do registo
Valores 00517nam a2200181 4500
010 ## - Número ISBN
ISBN 9789722212168
021 ## - Número do Depósito Legal
Número 35619/90
100 ## - Dados gerais de processamento
Dados gerais 20250512 pory50
200 ## - Titulo e menção de responsabilidade
Título próprio Povos primitivos
Primeira menção de responsabilidade conc. ed. Nick Merriman
Outras menções de responsabilidade trad. Joaquim Farinha dos santos Tavares
210 ## - Publicação
Local de publicação Lisboa
Nome do editor Verbo
Data de publicação D.L 1990
215 ## - Descrição física 
Paginação / Volumes 63 p.
Outras indicações físicas il.
Dimensões 29 cm
225 ## - Colecção 
Título próprio da colecção Enciclopédia Visual)
304 ## - Nota relativa ao título
Texto de nota Ti. orig.: Early people
606 ## - Nome comum usado como assunto
ID Autoridade 155
Palavra de ordem Povos primitivos
801 ## - Fonte de origem
País PT
Agência BMA
Regras de catalogação RPC
990 ## - Elementos KOHA
Tipo de documento Livro
Holdings
Situação do levantamento Estado Biblioteca de origem Código de barras Cota Permissão de empréstimo Tipo de documento Forma de aquisição
    Biblioteca Municipal do Alandroal A7663/10-2 903(031) POV   Livro Oferta
    Biblioteca Municipal do Alandroal A7663/10 903(031) POV   Livro Oferta

Powered by Koha